000 00593nam a2200193Ia 4500
005 20260114185656.0
008 008 260114s9999 xx 000 0 eng d
020 _a9780755622597
037 _aEBOOK
040 _aCRL
_beng
_cCRL
041 _aeng
_2eng
084 _qCRL
100 _aAlastair MacKenzie
_9873010
245 0 _aSpecial Force The Untold Story of 22nd Special Air Service Regiment (SAS)
260 _bBloomsbury
_c2011
856 _uhttps://doi.org/10.5040/9780755622597?locatt=label:secondary_bloomsburyCollections
942 _cEBOOK
999 _c1471958
_d1471958